00536nam a2200169Ia 450000500170000000800410001708200130005810000190007124500470009025000080013726000440014530000130018950000440020294200060024695200990025299900150035120250324010826.0240331s9999 xx 000 0 und d bPATa894 aPattinaththar, 0aPaddinaththar padalkal :bmoolamum uraiyum a2nd aChennaibVarthamaanan pathippagamc1996 a640 p ., aPattinathaar padalkalin moolamum uraium cL 001040708LaWERCLbWERCLcSSCd2024-03-31l0o 894.811 PATp2343r2024-03-31w2024-03-31yL c4078d4078